| 000 | 01319nam a2200349 a 4500 | ||
|---|---|---|---|
| 001 | 000005366 | ||
| 005 | 20200929151644.0 | ||
| 008 | 090819s2002 sp 001 0 spa d | ||
| 020 | _a8400081145 | ||
| 040 |
_aDO-SdBNP _bspa _cBNPHU |
||
| 082 |
_a888.4 _bP718a |
||
| 100 | 1 |
_aPlatón, _d428?-348 A.C. _915212 |
|
| 245 | 1 | 0 |
_aApología de Sócrates : _bFedón / _cPlatón ; introducción, traducción y notas de Enrique Ángel Ramos Jurado. |
| 250 | _aed. rev. | ||
| 260 |
_aMadrid : _bMinisterio de Educación y Ciencia _bConsejo Superior de Investigaciones Científicas, _c2002. |
||
| 300 |
_a225 p. ; _c22 cm. |
||
| 490 | 1 | _aAlma Mater ; | |
| 490 | 1 | _aAutores griegos y latinos ; | |
| 500 | _aIncluye referencias biblográficas y notas al pie de las páginas | ||
| 504 | _aBibliografía : p. 105-128 | ||
| 546 | _aTexto en griego y traducción paralela en español, introducción en español | ||
| 600 | 0 | 4 |
_aSOCRATES _d470-399 a de J.C. _915213 |
| 630 | 0 |
_aFEDÓN _915214 |
|
| 650 | 4 |
_aLiteratura griega _92386 |
|
| 650 | 4 |
_aFilosofía griega _915215 |
|
| 700 | 1 |
_aJurado, Ángel Ramos, _etr. _915216 |
|
| 730 | 0 |
_aApología de Sócrates _lEspañol-Griego _915217 |
|
| 730 | 0 |
_aFedón _lEspañol-Griego _915218 |
|
| 830 | 0 |
_aAlma Mater _9807 |
|
| 830 | 0 |
_aAutores griegos y latinos _915129 |
|
| 049 | _aBNPD | ||
| 999 |
_c5166 _d5166 |
||